| 000 | 00595nam a2200193 a 4500 | ||
|---|---|---|---|
| 005 | 20210223122814.0 | ||
| 008 | 991125s1972 mx 000 0 spa u | ||
| 035 | _aUPN01000041877 | ||
| 049 | _aCG | ||
| 050 | 4 |
_aBX1426.2 _bS2.5 1972 |
|
| 100 | 1 | _aSáenz y Arriaga, Joaquín | |
| 245 | 1 | 3 |
_aLa nueva iglesia montiniana / _cJoaquín Sáenz y Arriaga. |
| 260 |
_aMéxico : _bEDAMEX, _c1972. |
||
| 300 | _a648 p. | ||
| 600 | 1 | 4 |
_aPAULUS, VI, PAPA, _d1897-1978 |
| 650 | 4 |
_aIGLESIA CATOLICA - _xOBRAS DOCTRINALES Y DE CONTROVERSIA _927121 |
|
| 610 | 4 | _aIGLESIA CATOLICA EN AMERICA | |
| 905 | _aLibro | ||
| 999 |
_c41877 _d41877 |
||